[Event "NED-ch 1973"]
[Site "Leeuwarden"]
[Date "1973.??.??"]
[Round "6"]
[White "Van Scheltinga, Theo"]
[Black "Van der Weide, Piet"]
[Result "1/2-1/2"]
[WhiteElo "2330"]
[BlackElo "2290"]
[PlyCount "46"]
[EventDate "1973.??.??"]
[Source "ChessBase"]
[SourceDate "1999.07.01"]

1. d4 f5 2. c4 Nf6 3. g3 d6 4. Nf3 g6 5. Bg2 Bg7 6. O-O O-O 7. Nc3 c6 8. Qc2
Na6 9. a3 Qc7 10. b4 e5 11. e3 e4 12. Nd2 Be6 13. b5 Nb8 14. bxc6 bxc6 15. f3
exf3 16. Bxf3 Nbd7 17. a4 Bf7 18. Ba3 Rfe8 19. Qd3 Rad8 20. Rfe1 c5 21. Rab1 a6
22. Kg2 Rb8 23. h3 Nb6 1/2-1/2

[Event "NED-ch 1973"]
[Site "Leeuwarden"]
[Date "1973.??.??"]
[Round "7"]
[White "Boersma, Paul"]
[Black "Marcus, Joost"]
[Result "1/2-1/2"]
[WhiteElo "2335"]
[BlackElo "2395"]
[PlyCount "40"]
[EventDate "1973.??.??"]
[Source "ChessBase"]
[SourceDate "1999.07.01"]

1. g3 g6 2. Bg2 d5 3. c4 c6 4. Qa4 Nd7 5. cxd5 Nb6 6. Qa5 cxd5 7. Nf3 Bg7 8. d3
Nf6 9. Bf4 O-O 10. Be5 e6 11. Nbd2 Nbd7 12. Qxd8 Rxd8 13. Bd4 b6 14. Nb3 Bb7
15. Kd2 Rdc8 16. Rhc1 Bf8 17. Rxc8 Rxc8 18. Rc1 Rxc1 19. Nxc1 Bd6 20. a3 Kf8
1/2-1/2

[Event "NED-ch 1973"]
[Site "Leeuwarden"]
[Date "1973.??.??"]
[Round "7"]
[White "Enklaar, Bert"]
[Black "Scholl, Eddie"]
[Result "1-0"]
[WhiteElo "2445"]
[BlackElo "2400"]
[PlyCount "201"]
[EventDate "1973.??.??"]
[Source "ChessBase"]
[SourceDate "1999.07.01"]

1. e4 e5 2. Nf3 Nc6 3. Bb5 a6 4. Ba4 Nf6 5. O-O b5 6. Bb3 Be7 7. Re1 O-O 8. c3
d6 9. h3 h6 10. d4 Re8 11. Be3 Bf8 12. Nbd2 Bd7 13. Qb1 Qb8 14. a3 a5 15. a4
Nd8 16. axb5 Bxb5 17. Qc2 Bc6 18. d5 Bd7 19. Ba4 c6 20. c4 Qc7 21. Rec1 Nb7 22.
Ne1 Rec8 23. Qd1 Qd8 24. f3 Be7 25. Nd3 c5 26. Kh2 Bxa4 27. Rxa4 Nd7 28. g3 h5
29. h4 g6 30. Qf1 Kh7 31. Qh3 Nf6 32. Rg1 Qd7 33. Ra3 Qxh3+ 34. Kxh3 Kg7 35.
Rga1 Bd8 36. Nf2 Be7 37. Nd1 Nd7 38. Nc3 Bd8 39. Rb3 Rcb8 40. Rb5 Nb6 41. f4
Nd7 42. f5 Nf6 43. fxg6 Ng4 44. Bg1 fxg6 45. Nf3 Be7 46. Ra3 Nd8 47. Rxb8 Rxb8
48. Nb5 Ra8 49. Nd2 Kh6 50. Be3+ Kh7 51. Nf3 Nf7 52. Kg2 Nxe3+ 53. Rxe3 Nh6 54.
Rb3 Rb8 55. Ra3 Ra8 56. Nd2 Ra6 57. Rb3 Bd8 58. Nc3 Ra7 59. Rb8 Nf7 60. Nb5 Rd7
61. Ra8 Kg7 62. Nf3 Kf6 63. Ra6 Kg7 64. Kf2 Kf8 65. Ke2 Ke8 66. Kd3 Kf8 67. Kc2
Kg7 68. Kb3 Kh6 69. Ka4 Kg7 70. Ra7 Rxa7 71. Nxa7 Kf8 72. Kb5 Ke8 73. Kc6 Be7
74. Nb5 Kd8 75. b3 Ke8 76. Nc7+ Kd8 77. Ng5 Bxg5 78. Ne6+ Ke7 79. hxg5 Nh8 80.
Kb6 Nf7 81. Kxa5 Kd7 82. Ka4 Kc8 83. b4 cxb4 84. Kxb4 Kd7 85. Kb5 Nh8 86. Ka6
Nf7 87. Ka7 Nh8 88. Kb8 Nf7 89. Kb7 Nh8 90. Nf8+ Ke7 91. Nh7 Kd8 92. Kb6 Nf7
93. Kc6 Kc8 94. Nf8 Nxg5 95. Kxd6 Nxe4+ 96. Kxe5 Nxg3 97. Nxg6 Ne2 98. c5 Nc3
99. d6 Nb5 100. c6 Kd8 101. Nf4 1-0

[Event "NED-ch 1973"]
[Site "Leeuwarden"]
[Date "1973.??.??"]
[Round "7"]
[White "Henneberke, Frans"]
[Black "Sosonko, Gennadi"]
[Result "1/2-1/2"]
[WhiteElo "2200"]
[BlackElo "2430"]
[PlyCount "73"]
[EventDate "1973.??.??"]
[Source "ChessBase"]
[SourceDate "1999.07.01"]

1. Nf3 Nf6 2. c4 e6 3. d4 d5 4. Nc3 c5 5. cxd5 Nxd5 6. e4 Nxc3 7. bxc3 cxd4 8.
cxd4 Bb4+ 9. Bd2 Bxd2+ 10. Qxd2 O-O 11. Bc4 Nd7 12. O-O Nf6 13. Qf4 b6 14. Rad1
Bb7 15. d5 exd5 16. exd5 Rc8 17. d6 Bxf3 18. gxf3 Qd7 19. Rd4 Rc5 20. Bd3 Re8
21. Kh1 Nd5 22. Qg3 g6 23. Bc4 Nc3 24. Qg4 Qxg4 25. fxg4 b5 26. d7 Rd8 27. Re1
Kf8 28. Re3 Rxc4 29. Rxc4 bxc4 30. Rxc3 Rxd7 31. Rxc4 Rd2 32. Ra4 Rxf2 33. Rxa7
Kg7 34. Kg1 Rb2 35. Ra4 Kf6 36. Rf4+ Kg5 37. Rxf7 1/2-1/2

[Event "NED-ch 1973"]
[Site "Leeuwarden"]
[Date "1973.??.??"]
[Round "7"]
[White "Van der Vliet, Fred"]
[Black "Van Scheltinga, Theo"]
[Result "1/2-1/2"]
[WhiteElo "2310"]
[BlackElo "2330"]
[PlyCount "117"]
[EventDate "1973.??.??"]
[Source "ChessBase"]
[SourceDate "1999.07.01"]

1. Nf3 Nf6 2. g3 g6 3. b3 Bg7 4. Bb2 c5 5. c4 d6 6. Bg2 O-O 7. O-O e5 8. d3 Nc6
9. Nc3 h6 10. Nd2 Be6 11. Nd5 Qd7 12. a3 Bh3 13. Nxf6+ Bxf6 14. Ne4 Be7 15. Nc3
h5 16. Nd5 h4 17. f4 hxg3 18. hxg3 f6 19. e4 Kg7 20. f5 Bxg2 21. Kxg2 Rh8 22.
Qg4 g5 23. Rh1 Rag8 24. Rh5 Rxh5 25. Qxh5 Qe8 26. Qxe8 Rxe8 27. b4 Bd8 28. Bc3
Ne7 29. Ne3 Bb6 30. Ng4 Ng8 31. Rb1 Re7 32. Bd2 Rd7 33. Rb3 Kf7 34. Kf3 Kg7 35.
Bc1 Kf7 36. Bd2 Kg7 37. Bc3 Ne7 38. Rb1 Ng8 39. Rh1 Rf7 40. Rh2 Rd7 41. Rb2 Ne7
42. Ra2 Ng8 43. Bd2 Kf7 44. Be3 Bc7 45. Rh2 Kg7 46. Rb2 b6 47. Bd2 Rd8 48. Rb1
Kf7 49. Rh1 Kg7 50. Ke2 Rb8 51. Rb1 Kf7 52. Be3 Kg7 53. Kd2 Kf7 54. Kc3 Kg7 55.
Rb2 Nh6 56. Nxh6 Kxh6 57. Rh2+ Kg7 58. Kb3 a6 59. Rh1 1/2-1/2

[Event "NED-ch 1973"]
[Site "Leeuwarden"]
[Date "1973.??.??"]
[Round "8"]
[White "Enklaar, Bert"]
[Black "Van Baarle, John"]
[Result "1-0"]
[WhiteElo "2445"]
[BlackElo "2320"]
[PlyCount "51"]
[EventDate "1973.??.??"]
[Source "ChessBase"]
[SourceDate "1999.07.01"]

1. e4 g6 2. d4 c6 3. c4 d5 4. e5 Be6 5. cxd5 Bxd5 6. Nc3 f5 7. h4 e6 8. h5 g5
9. h6 g4 10. f3 gxf3 11. Nxf3 Ne7 12. Ng5 Qd7 13. Qh5+ Ng6 14. Rh3 Na6 15. Bxa6
bxa6 16. Rg3 Rg8 17. Nxd5 cxd5 18. Bd2 Rc8 19. Rb3 a5 20. Bxa5 Qa4 21. Bc3 Qa6
22. Bd2 Rc2 23. Nxh7 Kd8 24. Nxf8 Rxd2 25. Qg5+ Ne7 26. Qxd2 1-0

[Event "NED-ch 1973"]
[Site "Leeuwarden"]
[Date "1973.??.??"]
[Round "8"]
[White "Hartoch, Rob"]
[Black "Van der Vliet, Fred"]
[Result "1-0"]
[WhiteElo "2380"]
[BlackElo "2310"]
[PlyCount "81"]
[EventDate "1973.??.??"]
[Source "ChessBase"]
[SourceDate "1999.07.01"]

1. g3 g6 2. Bg2 Bg7 3. c4 Nf6 4. Nc3 O-O 5. d4 d6 6. Nf3 Nbd7 7. h3 c6 8. e4 e5
9. O-O Qb6 10. Re1 Re8 11. d5 c5 12. Rb1 Re7 13. a3 Ne8 14. b4 Qd8 15. Nd2 b6
16. Nb3 Nf8 17. Bd2 f6 18. Nc1 Rf7 19. Nd3 Rc7 20. Nb5 Rb7 21. Kh2 Qe7 22. Nc3
Rc7 23. Qb3 Ba6 24. bxc5 dxc5 25. Qa4 Bb7 26. Nd1 Nd6 27. Ne3 Nd7 28. Qc2 Rf8
29. a4 h5 30. h4 a5 31. Rf1 Ba6 32. Rbe1 f5 33. exf5 gxf5 34. Bh3 Qf6 35. Bc3
Qg6 36. Ba1 Qe8 37. Nf4 exf4 38. Nxf5 Be5 39. Nxd6 fxg3+ 40. fxg3 Qe7 41. Qg6+
1-0

[Event "NED-ch 1973"]
[Site "Leeuwarden"]
[Date "1973.??.??"]
[Round "8"]
[White "Scholl, Eddie"]
[Black "Marcus, Joost"]
[Result "1/2-1/2"]
[WhiteElo "2400"]
[BlackElo "2395"]
[PlyCount "113"]
[EventDate "1973.??.??"]
[Source "ChessBase"]
[SourceDate "1999.07.01"]

1. e4 c5 2. Nf3 d6 3. Nc3 e5 4. Bc4 Nc6 5. O-O Be7 6. d3 Nf6 7. Nd5 O-O 8. c3
Be6 9. Nxf6+ Bxf6 10. Be3 Qd7 11. Nd2 b6 12. Qa4 d5 13. Bb5 Rfc8 14. exd5 Bxd5
15. Ba6 Rd8 16. Rad1 g6 17. Ne4 Bg7 18. Bg5 Re8 19. Nf6+ Bxf6 20. Bxf6 Re6 21.
Bg5 f6 22. Be3 Rd6 23. b3 Ne7 24. Qxd7 Rxd7 25. f3 Be6 26. Rfe1 Nd5 27. Bc4 Kf7
28. Bxd5 Rxd5 29. f4 exf4 30. Bxf4 Rad8 31. d4 cxd4 32. Rxd4 Rxd4 33. cxd4 Rxd4
34. Be3 Rd3 35. Kf2 Rd7 36. Rc1 Bf5 37. Rc3 Bb1 38. a3 Be4 39. Rc4 Re7 40. b4
Bxg2 41. Bxb6 axb6 42. Kxg2 Re2+ 43. Kg1 g5 44. Rc7+ Kg6 45. Rb7 Ra2 46. Rxb6
Rxa3 47. b5 Rb3 48. Rb8 f5 49. b6 f4 50. Rg8+ Kh6 51. h4 Kh5 52. Rxg5+ Kxh4 53.
Rg7 h5 54. b7 Rb2 55. Kf1 Kh3 56. Kg1 h4 57. Kf1 1/2-1/2

[Event "NED-ch 1973"]
[Site "Leeuwarden"]
[Date "1973.??.??"]
[Round "8"]
[White "Sosonko, Gennadi"]
[Black "Van der Weide, Piet"]
[Result "1-0"]
[WhiteElo "2430"]
[BlackElo "2290"]
[PlyCount "69"]
[EventDate "1973.??.??"]
[Source "ChessBase"]
[SourceDate "1999.07.01"]

1. Nf3 f5 2. g3 Nf6 3. Bg2 d6 4. d4 g6 5. b3 Bg7 6. Bb2 O-O 7. O-O Na6 8. Nbd2
c6 9. a3 Bd7 10. b4 Nc7 11. c4 Qe8 12. Qb3 h6 13. Rae1 Qf7 14. e4 fxe4 15. Nxe4
b5 16. Ned2 Be6 17. Rc1 bxc4 18. Nxc4 Bd5 19. Qd3 Ne6 20. Na5 Nh5 21. Nh4 g5
22. Bxd5 cxd5 23. Ng2 Nf6 24. f3 Rfe8 25. Nc6 Nd8 26. Na5 Qe6 27. Ne3 Qd7 28.
Qg6 e6 29. f4 Qf7 30. Qd3 Qh5 31. Rc7 Ne4 32. f5 Qh3 33. f6 Nxg3 34. Rxg7+ Kf8
35. Rg8+ 1-0

[Event "NED-ch 1973"]
[Site "Leeuwarden"]
[Date "1973.??.??"]
[Round "8"]
[White "Van Scheltinga, Theo"]
[Black "Boersma, Paul"]
[Result "1/2-1/2"]
[WhiteElo "2330"]
[BlackElo "2335"]
[PlyCount "56"]
[EventDate "1973.??.??"]
[Source "ChessBase"]
[SourceDate "1999.07.01"]

1. c4 d6 2. d4 e5 3. Nc3 exd4 4. Qxd4 Nc6 5. Qd1 g6 6. Nf3 Bg7 7. Nd5 Nce7 8.
g3 c6 9. Ne3 Nf6 10. Bg2 O-O 11. O-O d5 12. a4 h6 13. a5 c5 14. cxd5 Nfxd5 15.
Nxd5 Nxd5 16. a6 Nb4 17. Nd2 Rb8 18. axb7 Bxb7 19. Rxa7 Bxg2 20. Kxg2 Na2 21.
Nc4 Qxd1 22. Rxd1 Nxc1 23. Rxc1 Bxb2 24. Rc2 Bf6 25. Nd6 Rb2 26. Rxb2 Bxb2 27.
Ra6 Rd8 28. Rc6 Bg7 1/2-1/2

[Event "NED-ch 1973"]
[Site "Leeuwarden"]
[Date "1973.??.??"]
[Round "8"]
[White "Zuidema, Coenraad"]
[Black "Henneberke, Frans"]
[Result "1-0"]
[WhiteElo "2200"]
[BlackElo "2200"]
[PlyCount "55"]
[EventDate "1973.??.??"]
[Source "ChessBase"]
[SourceDate "1999.07.01"]

1. e4 Nf6 2. e5 Nd5 3. d4 d6 4. Nf3 Bg4 5. Be2 c6 6. Ng5 Bxe2 7. Qxe2 dxe5 8.
dxe5 e6 9. O-O Nd7 10. c4 Ne7 11. Nc3 h5 12. Nce4 Nf5 13. Rd1 Qc7 14. Bf4 Nc5
15. Nd6+ Bxd6 16. exd6 Qd7 17. b4 Na4 18. Re1 c5 19. b5 Kf8 20. Qc2 Nb6 21.
Rad1 Nd4 22. Qd3 f6 23. Ne4 Rc8 24. Be3 e5 25. f4 f5 26. Nxc5 Rxc5 27. fxe5
Rxc4 28. Bxd4 1-0

[Event "NED-ch 1973"]
[Site "Leeuwarden"]
[Date "1973.??.??"]
[Round "9"]
[White "Boersma, Paul"]
[Black "Hartoch, Rob"]
[Result "1/2-1/2"]
[WhiteElo "2335"]
[BlackElo "2380"]
[PlyCount "113"]
[EventDate "1973.??.??"]
[Source "ChessBase"]
[SourceDate "1999.07.01"]

1. g3 g6 2. Bg2 Bg7 3. e4 c5 4. d3 Nc6 5. Ne2 d6 6. O-O e5 7. Nec3 Nge7 8. Nd2
O-O 9. Nc4 Be6 10. Nd5 Qd7 11. c3 Kh8 12. a4 f5 13. Be3 Bg8 14. f4 exf4 15.
Bxf4 Nxd5 16. exd5 Ne5 17. Qb3 Nxc4 18. Qxc4 Rfe8 19. Qb5 Qc7 20. a5 a6 21. Qb6
Qxb6 22. axb6 Be5 23. Rfe1 Bxf4 24. gxf4 Kg7 25. Rxe8 Rxe8 26. Kf2 Kf6 27. h4
Bf7 28. c4 h6 29. d4 cxd4 30. b4 d3 31. Bf1 Re4 32. Bxd3 Rxf4+ 33. Ke3 Rxh4 34.
Rxa6 Bxd5 35. cxd5 Rxb4 36. Ra8 Rxb6 37. Re8 h5 38. Re6+ Kg5 39. Kf2 h4 40. Be2
Kh6 41. Kg2 Kg5 42. Kf2 h3 43. Kg3 Rb3+ 44. Kh2 f4 45. Bf1 Kh4 46. Rxg6 Rb2+
47. Kg1 h2+ 48. Kh1 Rb1 49. Kxh2 Rxf1 50. Kg2 Rd1 51. Rxd6 Kg4 52. Rg6+ Kf5 53.
Rb6 Rd2+ 54. Kf3 Rd3+ 55. Kg2 Kg4 56. Rg6+ Kf5 57. Rb6 1/2-1/2

[Event "NED-ch 1973"]
[Site "Leeuwarden"]
[Date "1973.??.??"]
[Round "9"]
[White "Henneberke, Frans"]
[Black "Enklaar, Bert"]
[Result "0-1"]
[WhiteElo "2200"]
[BlackElo "2445"]
[PlyCount "64"]
[EventDate "1973.??.??"]
[Source "ChessBase"]
[SourceDate "1999.07.01"]

1. d4 Nf6 2. c4 c5 3. Nf3 cxd4 4. Nxd4 b6 5. Nc3 Bb7 6. f3 d6 7. e4 e6 8. Be3
Nbd7 9. Be2 Be7 10. O-O O-O 11. Qd2 a6 12. Rfd1 Qc7 13. Rac1 Rac8 14. Bf1 Rfe8
15. Kh1 Ne5 16. b3 Bf8 17. Qf2 Kh8 18. Nde2 Nfd7 19. Nf4 g6 20. Nd3 f5 21. Nxe5
dxe5 22. Bg5 f4 23. Qh4 Kg8 24. g3 Bc5 25. gxf4 Be3 26. Rc2 exf4 27. Bh3 b5 28.
Rxd7 Qxd7 29. Nd5 Bxd5 30. exd5 bxc4 31. bxc4 Qa4 32. Re2 Qxc4 0-1

[Event "NED-ch 1973"]
[Site "Leeuwarden"]
[Date "1973.??.??"]
[Round "9"]
[White "Marcus, Joost"]
[Black "Van Scheltinga, Theo"]
[Result "1-0"]
[WhiteElo "2395"]
[BlackElo "2330"]
[PlyCount "65"]
[EventDate "1973.??.??"]
[Source "ChessBase"]
[SourceDate "1999.07.01"]

1. Nf3 Nf6 2. c4 e6 3. d4 b6 4. g3 Ba6 5. Nbd2 Bb4 6. a3 Bxd2+ 7. Nxd2 c6 8.
Bg2 d5 9. b3 O-O 10. O-O Nbd7 11. e4 Rc8 12. e5 Ne8 13. Re1 Nc7 14. Bb2 c5 15.
Rc1 cxd4 16. Bxd4 Nc5 17. Bxc5 bxc5 18. cxd5 Nxd5 19. Ne4 Qa5 20. Nd6 Rc7 21.
Bxd5 exd5 22. Qxd5 Bc8 23. Nxc8 Rcxc8 24. b4 Qxa3 25. bxc5 Rfd8 26. Qc4 Qb2 27.
c6 Rd2 28. e6 Rxf2 29. exf7+ Rxf7 30. Rf1 Qb6+ 31. Kg2 Rcc7 32. Rxf7 Rxf7 33.
Rf1 1-0

[Event "NED-ch 1973"]
[Site "Leeuwarden"]
[Date "1973.??.??"]
[Round "9"]
[White "Van der Vliet, Fred"]
[Black "Sosonko, Gennadi"]
[Result "1/2-1/2"]
[WhiteElo "2310"]
[BlackElo "2430"]
[PlyCount "78"]
[EventDate "1973.??.??"]
[Source "ChessBase"]
[SourceDate "1999.07.01"]

1. Nf3 c5 2. g3 g6 3. Bg2 Bg7 4. d4 cxd4 5. Nxd4 d5 6. O-O e6 7. c4 Ne7 8. cxd5
exd5 9. Nc3 Nbc6 10. Be3 O-O 11. Nxc6 bxc6 12. Bd4 Bxd4 13. Qxd4 Nf5 14. Qd2
Ba6 15. Rfe1 Re8 16. e3 Qa5 17. Ne4 Qxd2 18. Nxd2 Rab8 19. b3 d4 20. Ne4 Red8
21. Nc5 Bc8 22. Red1 Rd6 23. g4 Ne7 24. Ne4 Rd8 25. Rxd4 Rxd4 26. exd4 Rb4 27.
Rd1 Nd5 28. g5 Nf4 29. Nf6+ Kg7 30. Bxc6 Ne2+ 31. Kg2 Nxd4 32. Be4 Ne6 33. h4
h6 34. Bd5 Rxh4 35. Rc1 Nf4+ 36. Kg3 Ne2+ 37. Kxh4 Nxc1 38. Ne8+ Kh7 39. Bxf7
Nxa2 1/2-1/2

[Event "NED-ch 1973"]
[Site "Leeuwarden"]
[Date "1973.??.??"]
[Round "9"]
[White "Van der Weide, Piet"]
[Black "Zuidema, Coenraad"]
[Result "0-1"]
[WhiteElo "2290"]
[BlackElo "2200"]
[PlyCount "54"]
[EventDate "1973.??.??"]
[Source "ChessBase"]
[SourceDate "1999.07.01"]

1. e4 e5 2. Nc3 Nc6 3. f4 exf4 4. Nf3 g5 5. h4 g4 6. Ng5 h6 7. Nxf7 Kxf7 8.
Bc4+ d5 9. Nxd5 Kg7 10. Nxf4 Nf6 11. d3 Bc5 12. Rf1 Ne5 13. Be6 g3 14. Qe2 Bf2+
15. Rxf2 gxf2+ 16. Qxf2 Qe8 17. Bxc8 Qxc8 18. Bd2 Qg4 19. Bc3 Nfd7 20. Kd2 Raf8
21. Rf1 Kh7 22. d4 Ng6 23. g3 Nxf4 24. gxf4 Nf6 25. Kd3 Rhg8 26. d5 Qh3+ 27.
Kd4 c5+ 0-1

[Event "NED-ch 1973"]
[Site "Leeuwarden"]
[Date "1973.??.??"]
[Round "10"]
[White "Enklaar, Bert"]
[Black "Van der Weide, Piet"]
[Result "1-0"]
[WhiteElo "2445"]
[BlackElo "2290"]
[PlyCount "45"]
[EventDate "1973.??.??"]
[Source "ChessBase"]
[SourceDate "1999.07.01"]

1. e4 c5 2. Nf3 e6 3. d4 cxd4 4. Nxd4 Nf6 5. Nc3 d6 6. g4 a6 7. g5 Nfd7 8. Bg2
Nc6 9. h4 Nc5 10. f4 Bd7 11. Be3 b5 12. a3 Rc8 13. Qe2 Qc7 14. O-O Nxd4 15.
Bxd4 Bc6 16. h5 Rg8 17. Nd5 Qb7 18. h6 Nxe4 19. Qxe4 Bxd5 20. Qxh7 Bxg2 21. Rf2
Qe4 22. Qxg8 Qxd4 23. c3 1-0

[Event "NED-ch 1973"]
[Site "Leeuwarden"]
[Date "1973.??.??"]
[Round "10"]
[White "Hartoch, Rob"]
[Black "Marcus, Joost"]
[Result "1/2-1/2"]
[WhiteElo "2380"]
[BlackElo "2395"]
[PlyCount "24"]
[EventDate "1973.??.??"]
[Source "ChessBase"]
[SourceDate "1999.07.01"]

1. g3 Nf6 2. Bg2 d5 3. Nf3 g6 4. b3 c5 5. Bb2 Nc6 6. d4 cxd4 7. Nxd4 Bg7 8. O-O
O-O 9. Nd2 Nxd4 10. Bxd4 Bg4 11. h3 Be6 12. Nf3 Rc8 1/2-1/2

[Event "NED-ch 1973"]
[Site "Leeuwarden"]
[Date "1973.??.??"]
[Round "10"]
[White "Sosonko, Gennadi"]
[Black "Boersma, Paul"]
[Result "1-0"]
[WhiteElo "2430"]
[BlackElo "2335"]
[PlyCount "81"]
[EventDate "1973.??.??"]
[Source "ChessBase"]
[SourceDate "1999.07.01"]

1. d4 Nf6 2. Nf3 d6 3. c4 c6 4. Nc3 Bg4 5. e4 Nbd7 6. Be2 e5 7. O-O Be7 8. Be3
O-O 9. d5 Bh5 10. Nd2 Bg6 11. g3 Ne8 12. Bg4 Nb6 13. a4 a5 14. h4 h6 15. Bh3
Nd7 16. Rb1 Nc5 17. Qc2 Na6 18. Na2 Nf6 19. Nc3 Nd7 20. Nb3 Nb4 21. Qe2 Kh8 22.
Rbd1 f5 23. exf5 Bxf5 24. Bxf5 Rxf5 25. dxc6 bxc6 26. Rd2 Rf7 27. Rfd1 Qf8 28.
Qg4 Nf6 29. Qe6 d5 30. cxd5 cxd5 31. Qxe5 Ng4 32. Qd4 Nxe3 33. Qxe3 Rf3 34. Qe2
Rc8 35. Kg2 Rf6 36. Nxd5 Nxd5 37. Rxd5 Bb4 38. f4 Rfc6 39. Nd4 Rc4 40. Kh3 Qf7
41. Qe6 1-0

[Event "NED-ch 1973"]
[Site "Leeuwarden"]
[Date "1973.??.??"]
[Round "10"]
[White "Van Baarle, John"]
[Black "Henneberke, Frans"]
[Result "1-0"]
[WhiteElo "2320"]
[BlackElo "2200"]
[PlyCount "83"]
[EventDate "1973.??.??"]
[Source "ChessBase"]
[SourceDate "1999.07.01"]

1. e4 e5 2. Nf3 Nc6 3. Bb5 a6 4. Ba4 d6 5. c3 Bd7 6. O-O Nf6 7. Re1 Be7 8. d4
O-O 9. Nbd2 Re8 10. Nf1 Bf8 11. dxe5 dxe5 12. Bg5 b5 13. Bxf6 gxf6 14. Bc2 Ne7
15. Nh4 Ng6 16. Qh5 Nxh4 17. Qxh4 Bg7 18. Qh5 Qe7 19. Re3 Rad8 20. Rg3 Be6 21.
Qh6 Qf8 22. Qxf6 Kh8 23. Qh4 f6 24. Bb3 Bc8 25. Re1 Re7 26. h3 Rd6 27. Ne3 c6
28. Qh5 Qe8 29. Qf3 Qd8 30. Qh5 Qe8 31. Qh4 Qf8 32. Bd1 Rd2 33. Bg4 Bxg4 34.
Qxg4 Red7 35. Nf5 Qf7 36. b3 a5 37. Kh2 Bf8 38. Re2 a4 39. bxa4 bxa4 40. a3
Bxa3 41. Rxd2 Rxd2 42. Nh6 1-0

[Event "NED-ch 1973"]
[Site "Leeuwarden"]
[Date "1973.??.??"]
[Round "11"]
[White "Boersma, Paul"]
[Black "Zuidema, Coenraad"]
[Result "0-1"]
[WhiteElo "2335"]
[BlackElo "2200"]
[PlyCount "84"]
[EventDate "1973.??.??"]
[Source "ChessBase"]
[SourceDate "1999.07.01"]

1. c4 Nf6 2. Nf3 e6 3. g3 d5 4. Bg2 dxc4 5. Qa4+ Nbd7 6. O-O a6 7. Qxc4 b5 8.
Qc6 Rb8 9. Qc2 c5 10. a4 Bb7 11. axb5 axb5 12. d4 Qb6 13. Nbd2 cxd4 14. Nb3 e5
15. Ng5 Bxg2 16. Kxg2 h6 17. Ne4 Qb7 18. f3 Nxe4 19. Na5 Qd5 20. fxe4 Qe6 21.
Bd2 Bd6 22. Nb7 O-O 23. Qc6 Rfc8 24. Qxd6 Rxb7 25. Qxe6 fxe6 26. Rfc1 Rbc7 27.
Rxc7 Rxc7 28. Ra8+ Kf7 29. Bb4 Nf6 30. Kf3 Rc2 31. Ra7+ Kg8 32. Ba3 b4 33. Bxb4
Rxb2 34. Bd6 Rb3+ 35. Kg2 Re3 36. Ra8+ Kh7 37. Ra7 Rxe2+ 38. Kh3 Rxe4 39. Bf8
Nh5 40. g4 Nf4+ 41. Kg3 Kg8 42. Bxg7 d3 0-1

[Event "NED-ch 1973"]
[Site "Leeuwarden"]
[Date "1973.??.??"]
[Round "11"]
[White "Marcus, Joost"]
[Black "Sosonko, Gennadi"]
[Result "1/2-1/2"]
[WhiteElo "2395"]
[BlackElo "2430"]
[PlyCount "160"]
[EventDate "1973.??.??"]
[Source "ChessBase"]
[SourceDate "1999.07.01"]

1. Nf3 Nf6 2. c4 g6 3. Nc3 Bg7 4. e4 d6 5. d4 O-O 6. Be2 e5 7. Bg5 h6 8. Bh4 g5
9. Bg3 g4 10. Nh4 exd4 11. Qxd4 Re8 12. Qd3 Nbd7 13. f3 Nc5 14. Qd2 Nh5 15.
O-O-O Nxg3 16. hxg3 a5 17. Nf5 Bxf5 18. exf5 Qg5 19. Qxg5 hxg5 20. Kd2 Bxc3+
21. bxc3 Kg7 22. Rh5 gxf3 23. Bxf3 Ne4+ 24. Kc2 g4 25. Bxg4 Nf6 26. Rh4 Nxg4
27. Rxg4+ Kf6 28. Rf4 Re2+ 29. Rd2 Rae8 30. g4 R8e3 31. Rfd4 Rxd2+ 32. Rxd2 Rg3
33. c5 dxc5 34. Rd7 Rxg2+ 35. Kb3 b5 36. Rxc7 c4+ 37. Ka3 Rg3 38. Rc5 b4+ 39.
Ka4 Rxc3 40. Kxa5 b3 41. axb3 Rxb3 42. Rxc4 Rb8 43. Rc7 Rg8 44. Rc4 Kg5 45. Kb4
Kh4 46. Kc3 Rxg4 47. Rc7 f6 48. Kd3 Kg5 49. Ke3 Kxf5 50. Rc5+ Kg6 51. Kf2 f5
52. Ra5 Kg5 53. Rb5 Ra4 54. Rb2 Kg4 55. Kg2 f4 56. Kf2 Ra8 57. Kg2 Rh8 58. Rb4
Ra8 59. Rb2 Ra3 60. Kh2 Rh3+ 61. Kg1 Kg3 62. Rg2+ Kf3 63. Rf2+ Ke3 64. Ra2 Rh8
65. Ra3+ Ke2 66. Ra2+ Kf3 67. Ra3+ Kg4 68. Kg2 Rb8 69. Rc3 Rb2+ 70. Kg1 Kf5 71.
Ra3 Ke4 72. Kf1 Rd2 73. Rb3 Rd3 74. Rxd3 Kxd3 75. Kf2 Ke4 76. Ke2 f3+ 77. Kf2
Kf4 78. Kf1 Ke3 79. Ke1 f2+ 80. Kf1 Kf3 1/2-1/2

[Event "NED-ch 1973"]
[Site "Leeuwarden"]
[Date "1973.??.??"]
[Round "11"]
[White "Van der Vliet, Fred"]
[Black "Enklaar, Bert"]
[Result "0-1"]
[WhiteElo "2310"]
[BlackElo "2445"]
[PlyCount "100"]
[EventDate "1973.??.??"]
[Source "ChessBase"]
[SourceDate "1999.07.01"]

1. Nf3 Nf6 2. b3 d6 3. d4 Bg4 4. e3 Nbd7 5. Be2 c6 6. Bb2 Qc7 7. O-O e5 8. h3
Bxf3 9. Bxf3 e4 10. Be2 g6 11. c4 Bg7 12. Nc3 O-O 13. b4 Rfe8 14. a4 h5 15. Qc2
Nf8 16. c5 d5 17. b5 g5 18. Qd1 Re6 19. Bxh5 Nxh5 20. Qxh5 Nh7 21. f3 f5 22.
fxe4 Rh6 23. Qe2 fxe4 24. Qg4 Kh8 25. Ne2 Rg8 26. Rf2 Rh4 27. Qg3 Qd8 28. Rf7
g4 29. Nf4 Bf6 30. hxg4 Rgxg4 31. Qf2 Qg8 32. Rxb7 Ng5 33. Kf1 Ne6 34. Nh3 Rh6
35. b6 axb6 36. cxb6 Bh4 37. Qe2 Rf6+ 38. Kg1 Rxg2+ 39. Qxg2 Rg6 40. Qxg6 Qxg6+
41. Kh1 Qg3 42. Ng1 Ng5 43. Ba3 Nf3 44. Bd6 Qxd6 45. Nxf3 exf3 46. Rf7 Qg3 47.
Ra2 Qe1+ 48. Kh2 f2 49. Kh3 f1=Q+ 50. Rxf1 Qg3# 0-1

[Event "NED-ch 1973"]
[Site "Leeuwarden"]
[Date "1973.??.??"]
[Round "11"]
[White "Van der Weide, Piet"]
[Black "Van Baarle, John"]
[Result "0-1"]
[WhiteElo "2290"]
[BlackElo "2320"]
[PlyCount "110"]
[EventDate "1973.??.??"]
[Source "ChessBase"]
[SourceDate "1999.07.01"]

1. e4 c6 2. Nc3 d5 3. Nf3 Bg4 4. h3 Bxf3 5. Qxf3 Nf6 6. d3 e6 7. Bd2 Bb4 8. a3
Bd6 9. g3 Qb6 10. Ra2 d4 11. Nb1 c5 12. Bg2 e5 13. O-O Qc7 14. Bg5 Nbd7 15. b3
Rc8 16. a4 b6 17. Na3 a6 18. Nc4 b5 19. Nb2 O-O 20. h4 Be7 21. Rfa1 Rb8 22. Bh3
Rb7 23. Qe2 Nb8 24. Rf1 Re8 25. Bd2 Nfd7 26. Raa1 Nc6 27. f3 Qd6 28. Kg2 Nb4
29. Bc1 Bf6 30. Nd1 Rc7 31. Nb2 Nb6 32. a5 Nd7 33. Qd1 Nb8 34. Bd2 N8c6 35. Be1
Qd8 36. h5 Bg5 37. f4 Bh6 38. Rf2 Rce7 39. Qf3 Rf8 40. Nd1 Qc7 41. Kh1 Ra8 42.
Kg2 f6 43. Kh1 Nxa5 44. Rg2 Nac6 45. c3 dxc3 46. Nxc3 Nd4 47. Qd1 exf4 48. gxf4
Bxf4 49. Qg4 Rd8 50. Bh4 Kh8 51. Rf1 Be5 52. h6 Rf7 53. Qh5 g6 54. Qg4 Qd6 55.
Bg3 Rdf8 0-1